000 00671nam a2200217 i 4500
001 37728
003 ES-MaACL
005 20230906155631.0
007 t|
008 030221s1951 sp ||||1| spa d
100 1 _aCadalso, José (
_d1741-1782)
_933373
245 1 0 _aCadalso
_b: (antología) /
_cpor Vicente Ferraz.
260 _a[Madrid] :
_bEditora Nacional,
_c1951 (
_fUguina)
300 _a209 p. ;
_c17 cm.
490 1 _aBreviarios del pensamiento español
700 1 _aFerraz, Vicente.
_950343
830 0 _aBreviarios del pensamiento español
_9180739
852 _aES-MaACL
_jD-5710
_bR.30781
852 _aES-MaACL
_jD-5711
_bR.31102
999 _c37728
_d37728